| 000 | 01549cam a2200361 a 4500 | ||
|---|---|---|---|
| 001 | 13964436 | ||
| 003 | ARRUPE | ||
| 005 | 20131001140559.0 | ||
| 008 | 050513s2006 nyuab b 001 0beng | ||
| 010 | _a 2005048483 | ||
| 020 | _a0385516703 | ||
| 040 |
_aDLC _cDLC _dDLC |
||
| 042 | _apcc | ||
| 043 |
_ae-fr--- _ae------ |
||
| 050 | 0 | 0 |
_aDC73 _b.W48 2006 |
| 082 | 0 | 0 |
_a944/.014/092 _aB _222 |
| 100 | 1 |
_aWilson, Derek, _d1935- _91860 |
|
| 245 | 1 | 0 |
_aCharlemagne / _cDerek Wilson. |
| 260 |
_aNew York : _bDoubleday : _cc2006. |
||
| 300 |
_axxv, 226 p. : _bill., maps ; _c25 cm. |
||
| 504 | _aIncludes bibliographical references (p. 211-216) and index. | ||
| 600 | 0 | 0 |
_aCharlemagne, _cEmperor, _d742-814. _91861 |
| 651 | 0 |
_aFrance _xKings and rulers _vBiography. _91862 |
|
| 651 | 0 |
_aHoly Roman Empire _xKings and rulers _vBiography. _91863 |
|
| 651 | 0 |
_aFrance _xHistory _yTo 987. _91864 |
|
| 651 | 0 |
_aHoly Roman Empire _xHistory _yTo 1517. _91865 |
|
| 856 | 4 | 2 |
_3Contributor biographical information _uhttp://www.loc.gov/catdir/enhancements/fy0624/2005048483-b.html |
| 856 | 4 | 2 |
_3Publisher description _uhttp://www.loc.gov/catdir/enhancements/fy0624/2005048483-d.html |
| 856 | 4 | 1 |
_3Sample text _uhttp://www.loc.gov/catdir/enhancements/fy0661/2005048483-s.html |
| 906 |
_a7 _bcbc _corignew _d1 _eocip _f20 _gy-gencatlg |
||
| 942 |
_2lcc _cMONOGRAPH |
||
| 999 |
_c118188 _d118188 |
||